The law reports of the Incorporated Council of Law Reporting for England and Wales. Digest of cases decided by the House of Lords, Privy Council, superior courts of common law and equity, Admiralty and ecclesiatical courts, courts for probate, divorce and matrimonial caises, and for Crown cases reserved and by the Court of Appeal, the serveral divisions of the High Court of Justice, the Chief Judge in bankruptcy and the Railway and Canal Commission, together with a digestof the important statutes from the commencement of the Michaelmas term, 1865, to the end of Trinity sittings, 1890. (Record no. 102298)

MARC details
000 -LEADER
fixed length control field 00951cam a2200145 4500
001 - CONTROL NUMBER
control field J119371
008 - FIXED-LENGTH DATA ELEMENTS--GENERAL INFORMATION
fixed length control field 020816n1892 000 0 eng u
035 ## - SYSTEM CONTROL NUMBER
System control number (Sirsi) u119373
050 ## - LIBRARY OF CONGRESS CALL NUMBER
Classification number 348.41047
110 ## - MAIN ENTRY--CORPORATE NAME
Corporate name or jurisdiction name as entry element Incoporated Council of Law Reporting for England and Wales
245 #4 - TITLE STATEMENT
Title The law reports of the Incorporated Council of Law Reporting for England and Wales. Digest of cases decided by the House of Lords, Privy Council, superior courts of common law and equity, Admiralty and ecclesiatical courts, courts for probate, divorce and matrimonial caises, and for Crown cases reserved and by the Court of Appeal, the serveral divisions of the High Court of Justice, the Chief Judge in bankruptcy and the Railway and Canal Commission, together with a digestof the important statutes from the commencement of the Michaelmas term, 1865, to the end of Trinity sittings, 1890.
260 ## - PUBLICATION, DISTRIBUTION, ETC.
Place of publication, distribution, etc. London
Name of publisher, distributor, etc. ICLR
Date of publication, distribution, etc. 1892
300 ## - PHYSICAL DESCRIPTION
Extent 3v.
Dimensions 24cm.
942 ## - ADDED ENTRY ELEMENTS (KOHA)
Suppress in OPAC 0
Holdings
Withdrawn status Lost status Source of classification or shelving scheme Damaged status Not for loan Home library Current library Shelving location Date acquired Total Checkouts Full call number Barcode Date last seen Copy number Price effective from Koha item type
    Dewey Decimal Classification     London London Reference copy 16/08/2002   Library office shelf L56 30065576 28/05/2024 volume 1 06/08/2019 Reference material
    Dewey Decimal Classification     London London Reference copy 16/08/2002   Library office shelf L56 30065577 28/05/2024 volume 2 06/08/2019 Reference material
    Dewey Decimal Classification     London London Reference copy 16/08/2002   Library office shelf L55 30065578 28/05/2024 volume 3 06/08/2019 Reference material